[Event "ICS Rated blitz match"]
[Site "207.99.83.229"]
[Date "1999.07.18"]
[Round "?"]
[White "robbok1"]
[Black "Hossa"]
[Result "1-0"]
[WhiteElo "2551"]
[BlackElo "2308"]
[PlyCount "73"]
[EventDate "1999.??.??"]

1. e4 Nf6 2. Nc3 d6 3. d4 Nbd7 4. Nf3 e5 5. Be3 Be7 6. Bc4 Ng4 7. O-O Nb6 8.
Bb3 O-O 9. Qe2 exd4 10. Nxd4 Bh4 11. Bf4 Qf6 12. Qd2 a5 13. g3 a4 14. Nd5 Nxd5
15. Bxd5 c6 16. Bc4 Ne5 17. Be2 a3 18. gxh4 axb2 19. Rab1 Rxa2 20. Bg5 Qg6 21.
f4 Qxe4 22. fxe5 Bh3 23. Bf3 Qxe5 24. Rfe1 Qc5 25. c3 f6 26. Bf4 g5 27. Be3 Qa3
28. hxg5 fxg5 29. Bxg5 Rxf3 30. Nxf3 Qa4 31. Re8+ Kf7 32. Qxd6 Qg4+ 33. Kf2
Qg2+ 34. Ke3 Qxg5+ 35. Nxg5+ Kxe8 36. Rd1 Be6 37. Qd8# {Hossa checkmated} 1-0

[Event "ICS Rated blitz match"]
[Site "207.99.83.229"]
[Date "1999.07.18"]
[Round "?"]
[White "Hossa"]
[Black "Dahllia"]
[Result "0-1"]
[WhiteElo "2302"]
[BlackElo "2200"]
[PlyCount "93"]
[EventDate "1999.??.??"]

1. d4 Nf6 2. c4 e5 3. d5 Bc5 4. e3 d6 5. Nc3 O-O 6. Bd3 Bb4 7. Nge2 e4 8. Bb1
Bg4 9. Bd2 Bxc3 10. Bxc3 Nbd7 11. O-O Ne5 12. Qc2 Bxe2 13. Qxe2 Qd7 14. Bxe5
dxe5 15. f3 exf3 16. Rxf3 e4 17. Rxf6 gxf6 18. Bxe4 f5 19. Bd3 Rae8 20. Qh5 Qe7
21. Re1 f6 22. Bxf5 Kh8 23. Bg6 Rd8 24. Qh4 c6 25. dxc6 bxc6 26. Qh6 f5 27. Qh3
Rd2 28. Bxf5 Rxb2 29. a3 Ra2 30. Rd1 Rxa3 31. Rd3 Rf7 32. g4 Rxd3 33. Bxd3 Qa3
34. e4 Qa1+ 35. Kg2 Qb2+ 36. Kh1 Qc1+ 37. Bf1 Rxf1+ 38. Kg2 Rg1+ 39. Kf2 Qe1+
40. Kf3 Qc3+ 41. Kf2 Qxh3 42. Kxg1 Qxg4+ 43. Kf2 Qxe4 44. c5 Qd5 45. Kg3 Qxc5
46. Kg2 a5 47. h3 {Hossa resigns} 0-1

[Event "ICS Rated blitz match"]
[Site "207.99.83.229"]
[Date "1999.07.18"]
[Round "?"]
[White "occam"]
[Black "Hossa"]
[Result "0-1"]
[WhiteElo "2364"]
[BlackElo "2301"]
[PlyCount "138"]
[EventDate "1999.??.??"]

1. g3 Nf6 2. Nf3 Nc6 3. d4 e6 4. Bh3 Bb4+ 5. Nbd2 d5 6. c3 Bd6 7. O-O O-O 8. c4
e5 9. Bxc8 Rxc8 10. dxe5 Nxe5 11. cxd5 Nxd5 12. e4 Nb6 13. Nxe5 Bxe5 14. Qb3
Qe7 15. a4 Qe6 16. Qxe6 fxe6 17. f4 Bd4+ 18. Kg2 Rcd8 19. Rd1 Bc5 20. b3 Be3
21. a5 Nc8 22. a6 b6 23. Kf3 Rd3 24. Ke2 Rfd8 25. b4 g5 26. f5 exf5 27. exf5 c5
28. Ra3 Rxa3 29. Bxa3 Rxd2+ 30. Rxd2 Bxd2 31. Kxd2 c4 32. b5 g4 33. Ke3 c3 34.
Bb4 c2 35. Kd2 Kf7 36. Kxc2 Kf6 37. Kd3 Kxf5 38. Ke3 Ke5 39. Ba3 Nd6 40. Bxd6+
Kxd6 41. Kd4 h5 42. Kc4 Ke5 43. Kd3 Kd5 44. Ke3 Kc5 45. Kf4 Kxb5 46. Kg5 Ka5
47. Kxh5 b5 48. Kxg4 b4 49. h4 b3 50. h5 b2 51. Kf4 b1=Q 52. g4 Qf1+ 53. Kg5
Qf3 54. h6 Qh3 55. Kf5 Qxh6 56. g5 Qxa6 57. g6 Qxg6+ 58. Kxg6 Kb4 59. Kf5 a5
60. Ke4 Kc3 61. Kf3 a4 62. Ke3 a3 63. Ke4 a2 64. Kf3 a1=Q 65. Ke3 Qa4 66. Kf3
Kd3 67. Kg3 Ke3 68. Kg2 Qh4 69. Kf1 69... Qh1# {occam checkmated} 0-1

[Event "ICS rated blitz match"]
[Site "207.99.83.229"]
[Date "1999.07.18"]
[Round "?"]
[White "Hossa"]
[Black "occam"]
[Result "1-0"]
[WhiteElo "2320"]
[BlackElo "2345"]
[PlyCount "41"]
[EventDate "1999.??.??"]

1. d4 Nf6 2. c4 e6 3. Nc3 d5 4. cxd5 exd5 5. Bf4 c5 6. Rc1 Qa5 7. Bd2 cxd4 8.
Nxd5 Qxd5 9. Rxc8+ Kd7 10. Qc1 Qxa2 11. e4 d3 12. Bxd3 Nd5 13. Bb5+ Ke7 14.
exd5 Qxd5 15. Re8+ Kf6 16. Qc3+ Kf5 17. Bd3+ Kg4 18. Re4+ Kh5 19. g4+ Kh4 20.
Nf3+ Kh3 21. Bf1# {occam checkmated} 1-0

[Event "ICS Rated blitz match"]
[Site "207.99.83.229"]
[Date "1999.07.18"]
[Round "?"]
[White "Hossa"]
[Black "Talmoves"]
[Result "0-1"]
[WhiteElo "2337"]
[BlackElo "2608"]
[PlyCount "47"]
[EventDate "1999.??.??"]

1. d4 Nf6 2. c4 e6 3. Nc3 Bb4 4. Bg5 h6 5. Bh4 c5 6. d5 d6 7. Rc1 e5 8. a3
Bxc3+ 9. Rxc3 g5 10. Bg3 Ne4 11. Re3 Qa5+ 12. b4 cxb4 13. Bxe5 dxe5 14. Rxe4
bxa3+ 15. Qd2 Qxd2+ 16. Kxd2 a2 17. Rxe5+ Kd8 18. Re3 a1=Q 19. Nf3 Qb2+ 20. Kd1
Bd7 21. Ra3 Qxa3 22. Kd2 Qb2+ 23. Kd3 Na6 24. Ne5 {Hossa resigns} 0-1

[Event "ICS rated blitz match"]
[Site "207.99.83.229"]
[Date "1999.07.18"]
[Round "?"]
[White "Hossa"]
[Black "Pikulis"]
[Result "1-0"]
[WhiteElo "2331"]
[BlackElo "2230"]
[PlyCount "95"]
[EventDate "1999.??.??"]

1. d4 d5 2. c4 c6 3. Nc3 e6 4. cxd5 cxd5 5. Bf4 a6 6. Rc1 Nc6 7. e3 Nf6 8. Bd3
Qa5 9. Bg5 Be7 10. Nge2 h6 11. Bf4 Nh5 12. O-O Nxf4 13. Nxf4 O-O 14. Qc2 Qc7
15. a3 Bd6 16. Nce2 Bd7 17. b4 g5 18. Nh5 Bxh2+ 19. Kh1 Bd6 20. f4 f5 21. fxg5
hxg5 22. Qd2 Be8 23. Nhf4 gxf4 24. exf4 Rf7 25. Qe3 Rh7+ 26. Kg1 Qf7 27. Qg3+
Rg7 28. Qh4 Rh7 29. Qe1 Qh5 30. Kf2 Qh4+ 31. g3 Qh2+ 32. Ke3 Bg6 33. Rc2 Qh6
34. Rf2 Qg7 35. Rc1 Bh5 36. Kd2 Bxe2 37. Qxe2 Qxd4 38. Qxe6+ Rf7 39. Qg6+ Rg7
40. Qe6+ Rf7 41. Qg6+ Qg7 42. Qxd6 Re8 43. Qxd5 Qxg3 44. Rg2 Qxg2+ 45. Qxg2+
Rg7 46. Qd5+ Kf8 47. Rh1 Ree7 48. Rh8+ {Pikulis resigns} 1-0

[Event "ICS rated blitz match"]
[Site "207.99.83.229"]
[Date "1999.07.18"]
[Round "?"]
[White "Pikulis"]
[Black "Hossa"]
[Result "0-1"]
[WhiteElo "2219"]
[BlackElo "2342"]
[PlyCount "90"]
[EventDate "1999.??.??"]

1. d4 d5 2. Nf3 Nf6 3. g3 e6 4. Bg2 Bb4+ 5. c3 Bd6 6. O-O Nbd7 7. Bg5 O-O 8.
Nbd2 Qe8 9. Qc2 Ng4 10. h3 Ngf6 11. e4 dxe4 12. Nxe4 Nxe4 13. Qxe4 Nb6 14. Bf4
f5 15. Qe3 Nd5 16. Qd2 Nxf4 17. gxf4 Qe7 18. Ne5 a5 19. Kh2 c5 20. Rg1 Rd8 21.
Rad1 Bxe5 22. fxe5 cxd4 23. cxd4 Kh8 24. Qf4 Qb4 25. Qg5 Rd7 26. Qh5 Re7 27.
Qg5 Re8 28. d5 Qxb2 29. d6 Qxf2 30. Rdf1 Qxa2 31. Kh1 Rg8 32. Rd1 Qa4 33. Qe7
Bd7 34. Bxb7 Bc6+ 35. Bxc6 Qxc6+ 36. Kh2 Qc2+ 37. Kh1 Qe4+ 38. Rg2 Qf3 39. Rdg1
Qxh3+ 40. Rh2 Qf3+ 41. Rhg2 Rab8 42. d7 Qd5 43. Kh2 Qxe5+ 44. Kh1 Qe3 45. Rxg7
45... Qh3# {Pikulis checkmated} 0-1

[Event "ICS rated blitz match"]
[Site "207.99.83.229"]
[Date "1999.07.18"]
[Round "?"]
[White "Amateur"]
[Black "Hossa"]
[Result "1-0"]
[WhiteElo "2449"]
[BlackElo "2353"]
[PlyCount "74"]
[EventDate "1999.??.??"]

1. e4 Nf6 2. e5 Nd5 3. d4 d6 4. Nf3 dxe5 5. Nxe5 c6 6. Bd3 Nd7 7. Nf3 e6 8. c4
Nb4 9. Bf4 Nxd3+ 10. Qxd3 Qb6 11. Qc2 c5 12. dxc5 Nxc5 13. O-O Bd7 14. Nc3 f6
15. Rad1 O-O-O 16. Rfe1 Qa5 17. Bg3 e5 18. Nd5 Ne6 19. b3 Be8 20. a4 Bg6 21.
Qc1 Bh5 22. Rd3 e4 23. Rxe4 Nc5 24. Qf4 Rd6 25. Qf5+ Kd8 26. Bxd6 Bxd6 27. Ne7
Kc7 28. Rxd6 Kxd6 29. Re6+ Nxe6 30. Qxa5 Bxf3 31. Nf5+ Kc6 32. gxf3 Rd8 33.
Qxa7 Rd1+ 34. Kg2 Nf4+ 35. Kg3 g5 36. h4 h6 37. a5 37... Rg1+ {Hossa resigns}
1-0

[Event "ICS Rated blitz match"]
[Site "207.99.83.229"]
[Date "1999.07.18"]
[Round "?"]
[White "Hossa"]
[Black "Amateur"]
[Result "0-1"]
[WhiteElo "2341"]
[BlackElo "2461"]
[PlyCount "80"]
[EventDate "1999.??.??"]

1. d4 Nf6 2. c4 e6 3. Nc3 d5 4. cxd5 exd5 5. Bf4 Bb4 6. Qb3 Nc6 7. O-O-O Be6 8.
e3 O-O 9. Bg5 Bxc3 10. bxc3 Rb8 11. f3 h6 12. Bh4 Qe7 13. Ne2 Rfd8 14. Nf4 Bf5
15. Bxf6 Qxf6 16. Nxd5 Qd6 17. c4 Be6 18. Nc3 b6 19. Kb1 b5 20. c5 Qe7 21. d5
b4 22. dxe6 bxc3 23. Rxd8+ Qxd8 24. exf7+ Kf8 25. Bb5 a6 26. Rd1 Qg5 27. Bxc6
Rxb3+ 28. Kc2 Ra3 29. g3 Rxa2+ 30. Kb3 Rd2 31. Rb1 Qxe3 32. Rc1 Rb2+ 33. Kc4
Qxc1 34. Be4 c2 35. Bxc2 Qxc2+ 36. Kd5 Qd1+ 37. Kc6 Qxf3+ 38. Kxc7 Rb7+ 39. Kd8
Qd1+ 40. Kc8 40... Qd7# {Hossa checkmated} 0-1

[Event "ICS rated blitz match"]
[Site "207.99.83.229"]
[Date "1999.07.18"]
[Round "?"]
[White "iva"]
[Black "Hossa"]
[Result "1-0"]
[WhiteElo "2446"]
[BlackElo "2330"]
[PlyCount "133"]
[EventDate "1999.??.??"]

1. d4 d5 2. Nf3 Nf6 3. c4 dxc4 4. e3 Bf5 5. Bxc4 e6 6. O-O Bd6 7. Nc3 O-O 8.
Qe2 Nc6 9. h3 Ne4 10. Nd2 Nxc3 11. bxc3 Qh4 12. e4 Bxh3 13. gxh3 Qxh3 14. f3
Bg3 15. Qg2 Qh4 16. Rd1 Ne7 17. Nf1 Bf4 18. Qg4 Qxg4+ 19. fxg4 Bxc1 20. Raxc1
Ng6 21. Kg2 Rad8 22. Kg3 Rd7 23. Nh2 Rfd8 24. Nf3 Kh8 25. Rb1 c6 26. Rd2 Re7
27. a4 Rc7 28. Rdb2 b6 29. Rh2 Nf8 30. Rbh1 Kg8 31. Ng5 h6 32. Nf3 Ng6 33. g5
c5 34. d5 exd5 35. Bxd5 hxg5 36. Nxg5 Rf8 37. c4 Rd7 38. Re1 Ne5 39. Reh1 Ng6
40. Nf3 Re7 41. e5 Rd8 42. Rh5 Ree8 43. Ng5 Re7 44. e6 f5 45. Nf7 f4+ 46. Kf2
Rxf7 47. exf7+ Kf8 48. Rh8+ Ke7 49. Rxd8 Kxd8 50. Rg1 Nf8 51. Rxg7 Ke7 52. Rg8
f3 53. Kxf3 a6 54. Ke3 b5 55. cxb5 a5 56. Bc4 Nd7 57. Rc8 Kf6 58. f8=Q+ Nxf8
59. Rxf8+ Ke7 60. Rc8 Kd7 61. Rc6 Ke7 62. Rxc5 Kf8 63. Kf4 Ke8 64. Ke5 Ke7 65.
Rc7+ Kf8 66. Ke6 Ke8 67. Rc8# {Hossa checkmated} 1-0

[Event "ICS rated blitz match"]
[Site "207.99.83.229"]
[Date "1999.07.18"]
[Round "?"]
[White "MiddleHead"]
[Black "Hossa"]
[Result "0-1"]
[WhiteElo "2187"]
[BlackElo "2328"]
[PlyCount "67"]
[EventDate "1999.??.??"]

1. e4 Nf6 2. e5 Nd5 3. d4 d6 4. Nf3 dxe5 5. Nxe5 c6 6. Be2 Nd7 7. Nxd7 Bxd7 8.
O-O Qb6 9. c3 O-O-O 10. Nd2 Nf4 11. Bg4 Qb5 12. Bxd7+ Rxd7 13. Nf3 Nd3 14. a4
Qf5 15. Qc2 Qg6 16. Be3 Ne5 17. Qe2 Nxf3+ 18. Qxf3 e6 19. Bf4 Qf6 20. Qe3 Bd6
21. Bxd6 Rxd6 22. Rfe1 Rd5 23. Rad1 Rhd8 24. h3 Kb8 25. Rc1 Rf5 26. Rc2 Rg5 27.
Rce2 Rdd5 28. Qe4 Rg6 29. Re3 Rdg5 30. g3 Rh5 31. Rf3 Qg5 32. Kg2 Rgh6 33. h4
Rxh4 34. Qf4+ {MiddleHead resigns} 0-1

[Event "ICS rated blitz match"]
[Site "207.99.83.229"]
[Date "1999.07.18"]
[Round "?"]
[White "Hossa"]
[Black "efaddin"]
[Result "1-0"]
[WhiteElo "2338"]
[BlackElo "2197"]
[PlyCount "93"]
[EventDate "1999.??.??"]

1. d4 Nf6 2. c4 e5 3. d5 Bc5 4. e3 d6 5. Nc3 O-O 6. Bd3 c6 7. Nge2 cxd5 8. cxd5
a6 9. O-O Nbd7 10. f3 b5 11. a3 Ba7 12. Bf5 Nc5 13. Bc2 Ne8 14. f4 exf4 15. b4
Nd7 16. Nxf4 Ne5 17. Qh5 g6 18. Qe2 Bg4 19. Qe1 Rc8 20. a4 Bd7 21. axb5 Bxb5
22. Nxb5 axb5 23. Rxa7 Rxc2 24. Qd1 Rc4 25. Qd2 Ng7 26. Bb2 Qb6 27. Bd4 Qb8 28.
Ra6 Nf5 29. Bxe5 dxe5 30. Nh5 Rh4 31. Nf6+ Kg7 32. e4 Nd4 33. Qg5 Rf4 34. Nh5+
Kg8 35. Nxf4 exf4 36. Qf6 Ne2+ 37. Kf2 Nc3 38. Qxc3 f3 39. g3 Qb7 40. Rf6 Rc8
41. Qxf3 Rc2+ 42. Kg1 Qa7+ 43. Kh1 Qa2 44. Rxg6+ hxg6 45. Qxf7+ Kh8 46. Qf8+
Kh7 47. Rf7# {efaddin checkmated} 1-0

[Event "ICS rated blitz match"]
[Site "207.99.83.229"]
[Date "1999.07.18"]
[Round "?"]
[White "Hossa"]
[Black "TDChess"]
[Result "0-1"]
[WhiteElo "2348"]
[BlackElo "2531"]
[PlyCount "118"]
[EventDate "1999.??.??"]

1. d4 Nf6 2. c4 e6 3. Nc3 d5 4. cxd5 exd5 5. Bf4 Bd6 6. Bxd6 Qxd6 7. e3 O-O 8.
Bd3 Bg4 9. Nge2 Nc6 10. f3 Bd7 11. O-O Nb4 12. e4 dxe4 13. fxe4 Ng4 14. Rf4 Qh6
15. h3 Ne3 16. Qc1 Nxd3 17. Qxe3 Nxf4 18. Nxf4 Rae8 19. Rf1 b5 20. b4 c6 21. a4
bxa4 22. Nxa4 Re7 23. Nc5 Bc8 24. Qf2 Rd8 25. Kh1 Qd6 26. Ne2 Qb8 27. Qe1 Qb5
28. Rf2 Qc4 29. Qd2 a5 30. Qg5 f6 31. Qf4 axb4 32. Qe3 Ra7 33. Nd3 Ra3 34. Nec1
Rxd4 35. Rf3 Ra1 36. Kh2 Rxe4 37. Qb6 Re8 38. Rf4 Qc3 39. Qxb4 Rxc1 40. Nxc1
Qxc1 41. Rc4 Qe3 42. Rxc6 Qe5+ 43. Kh1 Bxh3 44. Qc4+ Be6 45. Qc1 Qg3 46. Rc3
Qh4+ 47. Kg1 Bd7 48. g3 Qd4+ 49. Kh1 Qf2 50. Rc2 Qxg3 51. Rc7 Re1+ 52. Qxe1
Qxe1+ 53. Kh2 Qe5+ 54. Kg2 Qxc7 55. Kf3 Qc3+ 56. Kf2 Qd2+ 57. Kg3 Bc6 58. Kg4
Qe3 59. Kh5 59... Qh3# {Hossa checkmated} 0-1

[Event "ICS rated blitz match"]
[Site "207.99.83.229"]
[Date "1999.07.18"]
[Round "?"]
[White "CrazyHorses"]
[Black "Hossa"]
[Result "0-1"]
[WhiteElo "2085"]
[BlackElo "2340"]
[PlyCount "22"]
[EventDate "1999.??.??"]

1. d4 d5 2. c4 e6 3. Nc3 Nf6 4. Nf3 Nbd7 5. Bf4 dxc4 6. e4 Bb4 7. Qc2 Nb6 8.
O-O-O Bxc3 9. bxc3 Bd7 10. g4 Ba4 11. Qd2 11... Bxd1 {CrazyHorses resigns} 0-1

[Event "ICS rated blitz match"]
[Site "207.99.83.229"]
[Date "1999.07.18"]
[Round "?"]
[White "Hossa"]
[Black "GIRONA"]
[Result "0-1"]
[WhiteElo "2346"]
[BlackElo "2058"]
[PlyCount "84"]
[EventDate "1999.??.??"]

1. d4 Nf6 2. c4 d6 3. Nc3 g6 4. e4 Bg7 5. Be2 O-O 6. Nf3 e5 7. O-O Nc6 8. d5
Ne7 9. Nd2 Ne8 10. f3 c5 11. f4 exf4 12. Rxf4 f5 13. Qf1 a6 14. Rb1 Be5 15. Rf3
Nf6 16. Bd1 Bd7 17. Bb3 Ng4 18. Qe1 Bxh2+ 19. Kh1 b5 20. Rh3 Be5 21. cxb5 axb5
22. Qh4 Rf7 23. Nf3 b4 24. Nxe5 Nxe5 25. Bh6 bxc3 26. Rxc3 fxe4 27. g3 Bg4 28.
Qh2 Nf5 29. Ra1 Nxh6 30. Qxh6 Qf6 31. Rac1 Raf8 32. R3c2 Nd3 33. Rg1 e3 34. Rc3
Nf2+ 35. Kh2 e2 36. Re1 Qd4 37. a4 Ne4 38. Rxe2 Bxe2 39. Re3 Rf2+ 40. Kg1 Rf1+
41. Kh2 R8f2+ 42. Kh3 42... Rh1# {Hossa checkmated} 0-1

[Event "ICS rated blitz match"]
[Site "207.99.83.229"]
[Date "1999.07.18"]
[Round "?"]
[White "CrazyHorses"]
[Black "Hossa"]
[Result "0-1"]
[WhiteElo "2048"]
[BlackElo "2319"]
[PlyCount "40"]
[EventDate "1999.??.??"]

1. e4 Nf6 2. e5 Nd5 3. d4 d6 4. c4 Nb6 5. exd6 cxd6 6. Be3 Nc6 7. Nc3 Bf5 8.
Nf3 Rc8 9. Rc1 e6 10. Be2 Be7 11. O-O O-O 12. d5 Ne5 13. dxe6 Nexc4 14. exf7+
Rxf7 15. Bd4 Nxb2 16. Qb3 Nd3 17. Ra1 Bf6 18. Bxf6 Qxf6 19. Nb5 Nf4 20. Rfe1
20... Nxe2+ {CrazyHorses resigns} 0-1

[Event "ICS Rated blitz match"]
[Site "207.99.83.229"]
[Date "1999.07.18"]
[Round "?"]
[White "Hossa"]
[Black "egfr"]
[Result "0-1"]
[WhiteElo "2325"]
[BlackElo "1972"]
[PlyCount "84"]
[EventDate "1999.??.??"]

1. d4 Nf6 2. c4 g6 3. Nc3 d5 4. cxd5 Nxd5 5. e4 Nxc3 6. bxc3 Bg7 7. Bc4 O-O 8.
Ne2 c5 9. O-O Nc6 10. Be3 Qc7 11. Bd5 e6 12. Bxc6 bxc6 13. Bf4 Qa5 14. Bd6 Rd8
15. Be7 Rd7 16. Bxc5 Ba6 17. Qc2 Bxe2 18. Qxe2 Qxc3 19. Rab1 Qa5 20. e5 h6 21.
f4 Bf8 22. Rfc1 Rad8 23. f5 gxf5 24. Bxf8 Rxf8 25. Qe3 Kh7 26. a3 Rfd8 27. Rb4
Rd5 28. Rc3 Qa6 29. Rc2 c5 30. Rb3 Rxd4 31. Rxc5 Rd1+ 32. Kf2 Qf1+ 33. Kg3 R8d3
34. Qf3 Rxb3 35. Rc7 Rxf3+ 36. gxf3 Rd3 37. Rxf7+ Kg6 38. Rf6+ Kg7 39. Rxf5
exf5 40. h3 Qxf3+ 41. Kh2 Rd2+ 42. Kg1 42... Qd1# {Hossa checkmated} 0-1

[Event "ICS rated blitz match"]
[Site "207.99.83.229"]
[Date "1999.07.18"]
[Round "?"]
[White "Hossa"]
[Black "blunite"]
[Result "1-0"]
[WhiteElo "2317"]
[BlackElo "2206"]
[PlyCount "73"]
[EventDate "1999.??.??"]

1. d4 Nf6 2. c4 e6 3. Nc3 Bb4 4. Bg5 c5 5. e4 Bxc3+ 6. bxc3 Qa5 7. e5 Ne4 8.
Bd2 O-O 9. Bd3 Nxd2 10. Qxd2 Nc6 11. O-O-O Qa3+ 12. Qb2 Qxb2+ 13. Kxb2 cxd4 14.
cxd4 Nxd4 15. Bxh7+ Kxh7 16. Rxd4 f6 17. exf6 gxf6 18. Kc3 b6 19. Ne2 Rf7 20.
Rd6 Bb7 21. Nf4 Kg7 22. h4 Rh8 23. h5 Kh6 24. Rh4 Rg8 25. g4 Rg5 26. Nh3 Rc5
27. Kb3 Ba6 28. Rd4 e5 29. g5+ fxg5 30. Rd6+ Kg7 31. Nxg5 Re7 32. Rg4 Kf8 33.
Rf6+ Ke8 34. h6 e4 35. h7 Bxc4+ 36. Kb4 a5+ 37. Ka3 {blunite resigns} 1-0

[Event "ICS rated blitz match"]
[Site "207.99.83.229"]
[Date "1999.07.18"]
[Round "?"]
[White "Hossa"]
[Black "GIRONA"]
[Result "1-0"]
[WhiteElo "2338"]
[BlackElo "2062"]
[PlyCount "67"]
[EventDate "1999.??.??"]

1. d4 Nf6 2. c4 g6 3. Nc3 Bg7 4. e4 d6 5. f3 O-O 6. Be3 Nc6 7. Rb1 Re8 8. Nge2
e5 9. d5 Nd4 10. Nxd4 exd4 11. Bxd4 c6 12. Be2 Nh5 13. Bxg7 Kxg7 14. O-O Qg5
15. Qd4+ Kg8 16. dxc6 bxc6 17. Qxd6 Nf4 18. g4 Be6 19. b3 h5 20. Qxc6 hxg4 21.
Qb5 f5 22. fxg4 Nxe2+ 23. Nxe2 Qe3+ 24. Rf2 fxg4 25. Qc6 Rac8 26. Qb7 Rf8 27.
Rbf1 Rf7 28. Qa6 Re8 29. Qc6 Ree7 30. Qd6 Bd7 31. Qxg6+ Kf8 32. Nf4 Rxe4 33.
Nd5 Qd4 34. Qxf7# {GIRONA checkmated} 1-0

[Event "ICS Rated standard match"]
[Site "207.99.83.229"]
[Date "1999.07.18"]
[Round "?"]
[White "DoubleThink"]
[Black "Hossa"]
[Result "1-0"]
[WhiteElo "2108"]
[BlackElo "2209"]
[PlyCount "143"]
[EventDate "1999.??.??"]

1. e4 e5 2. Nf3 Nc6 3. Bb5 a6 4. Ba4 Bc5 5. c3 Nf6 6. d4 exd4 7. e5 Nd5 8. cxd4
Be7 9. O-O O-O 10. Bb3 Nb6 11. d5 Na7 12. Be3 d6 13. e6 Bf6 14. a4 fxe6 15.
dxe6 Kh8 16. a5 Bxb2 17. Ra2 Bf6 18. axb6 cxb6 19. Rd2 Nb5 20. Ba4 Be7 21. Bxb5
axb5 22. Qb3 Rxf3 23. gxf3 Qe8 24. Bf4 Qg6+ 25. Bg3 Bxe6 26. Qxb5 Bh3 27. Re1
Bf8 28. Qxb6 Qf7 29. Qd4 Ra5 30. Qh4 Rh5 31. Qf4 Rf5 32. Qe3 b6 33. Bxd6 Rf6
34. Nc3 Bxd6 35. Ne4 Re6 36. Rxd6 Rxd6 37. Ng5 Qf8 38. Nxh3 Rg6+ 39. Kf1 Rf6
40. Ng5 h6 41. Ne4 Re6 42. Rb1 Qd8 43. h4 Qxh4 44. Rxb6 Rxb6 45. Qxb6 Qf4 46.
Kg2 Qf7 47. Qb8+ Kh7 48. Qe5 Qg6+ 49. Ng3 Kh8 50. f4 Qc6+ 51. Ne4 Qg6+ 52. Kh3
Qg1 53. f5 Qh1+ 54. Kg3 Qg1+ 55. Kf3 Qd1+ 56. Kg2 Qg4+ 57. Ng3 Qh4 58. f3 Qg5
59. f4 Qd8 60. Ne4 Qg8 61. Qe6 Qb8 62. f6 Qb2+ 63. Kh3 Qc1 64. f7 Qxf4 65. Qc8+
Kh7 66. Qg8+ Kg6 67. f8=N+ Qxf8 68. Qxf8 h5 69. Kh4 Kh7 70. Ng5+ Kh6 71. Qd6+
g6 72. Qf8# {Hossa checkmated} 1-0

[Event "ICS rated blitz match"]
[Site "207.99.83.229"]
[Date "1999.07.18"]
[Round "?"]
[White "Hossa"]
[Black "ulun"]
[Result "1-0"]
[WhiteElo "2343"]
[BlackElo "2228"]
[PlyCount "49"]
[EventDate "1999.??.??"]

1. d4 e6 2. c4 Bb4+ 3. Bd2 Bxd2+ 4. Nxd2 Nf6 5. e4 d6 6. Qa4+ Bd7 7. Qb3 b6 8.
e5 Ng8 9. Qg3 dxe5 10. dxe5 g6 11. Bd3 Bc6 12. O-O-O Qe7 13. Ne2 h5 14. Be4
Bxe4 15. Nxe4 Nd7 16. Rd2 O-O-O 17. Rhd1 Nh6 18. f4 Nc5 19. Qa3 Kb8 20. Nxc5
bxc5 21. Nd4 Rxd4 22. Rxd4 Nf5 23. R4d2 Ka8 24. h3 h4 25. Rd7 {ulun resigns}
1-0

[Event "ICS Rated blitz match"]
[Site "207.99.83.229"]
[Date "1999.07.18"]
[Round "?"]
[White "Hossa"]
[Black "cirujano"]
[Result "1-0"]
[WhiteElo "2354"]
[BlackElo "1999"]
[PlyCount "67"]
[EventDate "1999.??.??"]

1. d4 Nf6 2. Nf3 g6 3. c4 Bg7 4. Nc3 O-O 5. e4 d6 6. Be2 e5 7. dxe5 dxe5 8.
Qxd8 Rxd8 9. Bg5 Re8 10. Nd5 Nxd5 11. cxd5 f5 12. Nd2 fxe4 13. Rc1 c6 14. Bc4
Kh8 15. O-O Bf5 16. d6 Nd7 17. Nb3 Bf6 18. Bh6 Nb6 19. Nc5 Nxc4 20. Rxc4 b6 21.
Nxe4 Bxe4 22. Rxe4 Rad8 23. Rd1 Rd7 24. Re2 Kg8 25. Be3 Red8 26. Red2 Kf7 27.
f4 Ke6 28. fxe5 Bxe5 29. Bg5 Bf6 30. Re2+ Kf7 31. Rf2 Rxd6 32. Rdf1 Kg7 33.
Bxf6+ Rxf6 34. Rxf6 {cirujano resigns} 1-0

[Event "ICS rated blitz match"]
[Site "207.99.83.229"]
[Date "1999.07.18"]
[Round "?"]
[White "ipkis"]
[Black "Hossa"]
[Result "0-1"]
[WhiteElo "2473"]
[BlackElo "2358"]
[PlyCount "62"]
[EventDate "1999.??.??"]

1. e4 Nf6 2. e5 Nd5 3. c4 Nb6 4. d4 d6 5. exd6 Qxd6 6. Nc3 Qd8 7. Be3 Nc6 8. h3
Bd7 9. Nf3 e6 10. Be2 Bb4 11. Qb3 Qe7 12. a3 Ba5 13. O-O O-O 14. Qc2 Bxc3 15.
Qxc3 Rad8 16. Rfd1 f6 17. b4 Qf7 18. a4 Qe7 19. a5 Nc8 20. b5 Nb8 21. c5 Be8
22. Bc4 Bh5 23. Bf4 Kh8 24. Re1 e5 25. dxe5 Bxf3 26. Qxf3 fxe5 27. Rxe5 Qf6 28.
Qxb7 Qxf4 29. Re4 Qxf2+ 30. Kh1 Qxc5 31. Rae1 31... Nd6 {ipkis resigns} 0-1

[Event "ICS rated blitz match"]
[Site "207.99.83.229"]
[Date "1999.07.18"]
[Round "?"]
[White "geyik"]
[Black "Hossa"]
[Result "1-0"]
[WhiteElo "2052"]
[BlackElo "2379"]
[PlyCount "95"]
[EventDate "1999.??.??"]

1. e4 Nf6 2. e5 Nd5 3. d4 d6 4. c4 Nb6 5. f4 dxe5 6. fxe5 Nc6 7. Be3 Bf5 8. Nc3
Qd7 9. Nf3 Bg4 10. c5 Nd5 11. Nxd5 Qxd5 12. h3 Bxf3 13. Qxf3 Qxf3 14. gxf3 Nb4
15. O-O-O Nxa2+ 16. Kb1 Nb4 17. d5 O-O-O 18. Bc4 f6 19. f4 g6 20. d6 cxd6 21.
cxd6 exd6 22. exf6 d5 23. Bb3 Kb8 24. f5 gxf5 25. Rhf1 Rg8 26. Rxf5 Rd7 27.
Bf4+ Bd6 28. Ba4 b5 29. Bxb5 Rdd8 30. f7 Rgf8 31. Bh6 Rh8 32. Bg7 Rhf8 33. Bxf8
Bxf8 34. Rh5 h6 35. Re5 Kb7 36. Re8 Ra8 37. Rg1 a6 38. Rxa8 Kxa8 39. Rg8 Kb7
40. Rxf8 axb5 41. Rd8 Nc6 42. Rxd5 b4 43. f8=Q h5 44. Rb5+ Kc7 45. Qf7+ Kc8 46.
Rb7 Ne7 47. Rxe7 h4 48. Qf8# {Hossa checkmated} 1-0

[Event "ICS rated blitz match"]
[Site "207.99.83.229"]
[Date "1999.07.18"]
[Round "?"]
[White "Hossa"]
[Black "geyik"]
[Result "1/2-1/2"]
[WhiteElo "2351"]
[BlackElo "2080"]
[PlyCount "153"]
[EventDate "1999.??.??"]

1. d4 Nf6 2. c4 e6 3. Nc3 Bb4 4. Bg5 h6 5. Bh4 c5 6. d5 d6 7. Rc1 e5 8. a3
Bxc3+ 9. Rxc3 g5 10. Bg3 Ne4 11. Re3 Bf5 12. Qa4+ Bd7 13. Qc2 f5 14. Kd1 Qa5
15. f3 f4 16. Rxe4 fxg3 17. hxg3 Kf8 18. Re3 Kf7 19. Rb3 b6 20. Re3 Na6 21. Qc3
Qa4+ 22. Kc1 Nb4 23. Qb3 Qxb3 24. Rxb3 Ba4 25. Re3 Nc2 26. Rc3 Nd4 27. e3 Nb3+
28. Kc2 Nd4+ 29. Kb1 Nf5 30. Ne2 b5 31. b3 b4 32. Rd3 Bd7 33. axb4 cxb4 34. g4
e4 35. fxe4 Nh4 36. c5 Bb5 37. Rd2 dxc5 38. e5 Ke7 39. Ng3 a6 40. Nf5+ Kd7 41.
e6+ Kd8 42. Nxh4 gxh4 43. d6 Re8 44. Bxb5 axb5 45. e7+ Kd7 46. Rxh4 Ra3 47. Kc2
Ra2+ 48. Kd1 Rxd2+ 49. Kxd2 Kxd6 50. Rxh6+ Kxe7 51. Rb6 Rg8 52. Ke2 Rxg4 53.
Kf3 Rg8 54. Rxb5 Kd6 55. Rb6+ Kd5 56. g4 Rf8+ 57. Ke2 Rg8 58. Rb5 Rxg4 59. Rb8
Ke4 60. Re8+ Kd5 61. Kf3 Rh4 62. Rd8+ Ke5 63. Kg3 Rh5 64. Re8+ Kd5 65. Kf4 Rh4+
66. Kf3 c4 67. e4+ Kd4 68. Rd8+ Kc3 69. bxc4 b3 70. Rd1 Kc2 71. Re1 b2 72. Re2+
Kc1 73. Re1+ Kc2 74. Re2+ Kc1 75. Re1+ Kc2 76. Re2+ Kc1 77. Re1+ {
Game drawn by repetition} 1/2-1/2

[Event "ICS rated blitz match"]
[Site "207.99.83.229"]
[Date "1999.07.18"]
[Round "?"]
[White "GreatBugger2000"]
[Black "Hossa"]
[Result "0-1"]
[WhiteElo "2152"]
[BlackElo "2341"]
[PlyCount "44"]
[EventDate "1999.??.??"]

1. e4 Nf6 2. Nc3 d6 3. d4 Nbd7 4. Nf3 e5 5. Bc4 Be7 6. O-O O-O 7. dxe5 dxe5 8.
Bg5 c6 9. Bxf6 Bxf6 10. a4 Nb6 11. Bb3 Qe7 12. a5 Nd7 13. Qe2 Nc5 14. Bc4 Bg4
15. h3 Bh5 16. Rfd1 Rad8 17. Rxd8 Rxd8 18. Rd1 Rd4 19. Bd3 Nxd3 20. Rxd3 a6 21.
Qd2 Bxf3 22. gxf3 22... Qb4 {GreatBugger2000 resigns} 0-1